000 00697nam a2200253 i 4500
001 C2-0286835
003 PPAK
005 20180728020219.0
008 080129s2006 my a|||| ||||| | eng d
020 _a9679502295
040 _aPPAK
_beng
_cPPAK
_erda
082 0 4 _a621.319
_223
090 0 0 _a621.319
_bBAL
_dG
100 1 _aBalakrishnan, A.,
_eauthor
245 1 0 _aDistribution and utilisation
264 1 _aPetaling Jaya, Selangor :
_bIBS Buku ,
_c2006
300 _axi, 358 pages :
_billustrations ;
_c21 cm
336 _2rdacontent
_atext
337 _2rdamedia
_aunmediated
338 _2rdacarrier
_avolume
650 1 0 _aElectric engineering.
700 _eauthor
942 _ddc
_cB
999 _c92552
_d92552